Annals of public and Co-operative economy

Na minha lista:
Detalhes bibliográficos
Formato: Periódico
Idioma:inglês
Publicado em: Liége International Centre of Research and Information on Public and Co-operative Economy 1981
Tags: Adicionar Tag
Sem tags, seja o primeiro a adicionar uma tag!

MARC

LEADER 00000nas2a2200000 4500
001 s123283
005 20250730114217.4
041 0 |a eng 
044 |a BE 
245 1 0 |a Annals of public and Co-operative economy 
264 1 |a Liége  |b International Centre of Research and Information on Public and Co-operative Economy  |c 1981 
300 |a 1 zv. 
773 0 |w eu_un_cat*s120413